Mégapoles mondiales (images) - Statistiques

Statistiques générales
  • Ce quiz a été pris 115 fois
    114 depuis la dernière actualisation
  • Le résultat moyen est 12 sur 20
Statistiques - réponses
Par images Réponse % Correct
New York
96%
Tokyo
96%
Londres
95%
Moscou
91%
Pékin
91%
Shanghai
83%
Los Angeles
65%
Osaka
63%
New Delhi
57%
Istanbul
56%
Séoul
56%
Hong Kong
48%
Sao Paulo
46%
Bombay
43%
Jakarta
39%
Buenos Aires
38%
Lagos
29%
Manille
27%
Karachi
23%
Johannesburg
20%
Aucun quiz correspondant
Distribution des résultats
% des personnes avec chaque résultat
Percentile par nombre de réponses
Votre historique - résultats
Vous n’avez pas pris ce quiz depuis la dernière actualisation